Informačná podpora procesov ochrany kultúrneho dedičstva metódou výskumného prototypovania /
Na minha lista:
| Autor principal: | |
|---|---|
| Outros Autores: | |
| Formato: | Manuscrito Livro |
| Idioma: | eslovaco |
| Publicado em: |
Bratislava
STU v Bratislave FIIT
2006
|
| Assuntos: | |
| Tags: |
Sem tags, seja o primeiro a adicionar uma tag!
|
MARC
| LEADER | 00000ntm a22000003a 4500 | ||
|---|---|---|---|
| 001 | 0031734 | ||
| 003 | SK-STU | ||
| 005 | 20180313140824.2 | ||
| 007 | ta | ||
| 008 | 180313s2018----xo-----f-mn---000-0-slo-d | ||
| 040 | |a STU |b slo | ||
| 041 | 0 | |a slo | |
| 044 | |a xo |c SK | ||
| 100 | 1 | |a Perec, Peter, |d 1981- |4 aut |X 30554 |7 A000030554 | |
| 245 | 1 | 0 | |a Informačná podpora procesov ochrany kultúrneho dedičstva metódou výskumného prototypovania / |c aut. Peter Perec ; škol. Ivan Kapustík |
| 260 | |c 2006 |a Bratislava |b STU v Bratislave FIIT | ||
| 300 | |a 64 s | ||
| 650 | 0 | 7 | |a ochrana kultúrneho dedičstva |
| 700 | 1 | |a Kapustík, Ivan, |d 1965- |u 070200 |r Z1 |4 ths |U FIIT Fakulta informatiky a informačných technológií |T FIIT Ústav informatiky a softvérového inžinierstva |X 111 |U I200 |Y 179 |7 111 | |
| 996 | |c I*DP77/06 |l II680 |s P |a 0 |w 0031734_0001 | ||